| 000 | 00482cam a2200193ua 4500 | ||
|---|---|---|---|
| 020 | _c399.00 | ||
| 041 |
_aeng _h |
||
| 082 |
_a001.434 _bRUB/HA |
||
| 100 | _aRubin, Jeff . | ||
| 245 |
_aHand book of usability testing / _cJeff Rubin. _hTextual Documents |
||
| 250 |
_a2 / _b. |
||
| 260 |
_aNew Delhi : _bWiley India Pvt. Ltd , _c2008. |
||
| 300 | _a348 ; . | ||
| 365 | _a399.00 | ||
| 504 | _a | ||
| 700 | 1 | _aChisnell, Dana . | |
| 942 | _cBK | ||
| 999 |
_c13561 _d13561 |
||